Vozidlá na letových palubách US Navy

Bibliographic Details
Main Author: Rovenský, Dušan (Author)
Format: Article
Language:Czech
PhysicalDescription:Fotogr.
ISSN:1802-4823
Subjects:

MARC

LEADER 00000nab a2200000 a 4500
001 vtls011599645
003 SK-MaSNL
005 20260303161701.0
008 161214 2016 xo 000 0 cze
015 |a SNBRB2016/12  |2 lmaosk 
040 |a LMAOSK  |b slo  |c LMAOSK  |e AACR2 
041 0 |a cze 
044 |a xo  |c SK 
080 |a 623.7  |x (73)  |2 2011 
080 |a 623.822.7  |2 2011 
080 |a 623.73  |2 2011 
080 |a 623.437/.438  |2 2011 
080 |a (046)  |2 2001 
100 1 |a Rovenský, Dušan  |4 aut  |9 402275 
245 1 0 |a Vozidlá na letových palubách US Navy  |c Dušan Rovenský 
300 |b Fotogr. 
650 0 7 |a námorné letectvo  |z Spojené štáty americké  |2 LMAOSK  |9 1184393 
650 0 7 |a lietadlové lode  |2 SNKPH  |9 50997 
650 0 7 |a letecká technika  |2 SNKPH  |9 70986 
650 0 7 |a vojenské vozidlá  |2 SNKPH  |9 71081 
650 0 7 |a ťahače  |2 LMAOSK  |9 619108 
655 7 |a články  |2 SNKPH  |9 70601 
773 0 |t ATM  |g Roč. 48, č. 12 (2016), s. 42-46  |x 1802-4823 
852 |a LMAOSK  |b KIS3GCP 
958 |a NB 
999 |c 2050331  |d 2052261